Prévisions et décisions statistiques dans l'enterprise
Zapisane w:
| 1. autor: | |
|---|---|
| Format: | Książka |
| Język: | francuski |
| Wydane: |
París
Dunod
1967
|
| Wydanie: | 2a. ed |
| Seria: | Finance et Economie Appliquée, 13
|
| Hasła przedmiotowe: | |
| Etykiety: |
Dodaj etykietę
Nie ma etykietki, Dołącz pierwszą etykiete!
|
MARC
| LEADER | 00000nam a2200000 a 4500 | ||
|---|---|---|---|
| 001 | UCP2263 | ||
| 003 | CL-VaPUC | ||
| 008 | 990507e19670000FR |||||||||||||||||fre|d | ||
| 082 | 0 | 4 | |a 519.542 |b MOT |2 21 |
| 100 | |a Mothes, Jean |e auteur |9 378403 | ||
| 245 | 1 | 0 | |a Prévisions et décisions statistiques dans l'enterprise |
| 250 | |a 2a. ed | ||
| 300 | |a 622 p | ||
| 942 | |c BK | ||
| 945 | |d 19990507 00:00:00 |a crobeson | ||
| 260 | |a París |b Dunod |c 1967 | ||
| 650 | 0 | |a Teoría de la decisión |9 357122 | |
| 650 | 7 | |a DISTRIBUCION DE PROBABILIDADES |2 CL-VaPUC |9 428861 | |
| 650 | 0 | |a Inferencia estadística |9 312855 | |
| 650 | 0 | |a Distribuciones Multivariables |9 346306 | |
| 650 | 0 | |a Estimación de parámetros |9 344394 | |
| 650 | 7 | |a PRUEBA DE HIPOTESIS |2 CL-VaPUC |9 426759 | |
| 650 | 7 | |a PROCESOS DE POISSON |2 CL-VaPUC |9 424761 | |
| 650 | 7 | |a CORRELACION |2 CL-VaPUC |9 428862 | |
| 650 | 0 | |a Tablas estadísticas |9 428152 | |
| 583 | |a last modification |c 19990507 00:00:00 |k Rodrigo Vera | ||
| 490 | 0 | |a Finance et Economie Appliquée, 13 | |
| 999 | |c 280822 |d 280820 | ||
| 952 | |0 0 |1 0 |4 0 |6 519_542000000000000_MOT_1967 |7 0 |8 A |9 321335 |a BIBGIM |b BIBGIM |d 2019-11-20 |i 1345184 |o 519.542 MOT 1967 |p 1345184 |r 2025-01-15 |w 2019-11-20 |y BK |k EST | ||